UCLA Football: Top 10 All-Time Leaders - Statistics

General Stats
  • This quiz has been taken 13 times
  • The average score is 18 of 57
Answer Stats
Category # Player Amount % Correct
Passing Yards 1 Dorian Thompson-Robinson 10,710
89%
Tackles 2 Jerry Robinson 468
67%
Passing Yards 9 Troy Aikman 4,953
67%
Sacks 3 Eric Smith 26.5
56%
Passing Yards 4 Josh Rosen 9,341
56%
Rushing Yards 10 Theotis Brown 2,728
56%
Passing Yards 3 Brett Hundley 9,966
44%
Passing Yards 2 Cade McNown 10,008
44%
Passing Yards 5 Drew Olson 8,532
44%
Tackles 1 Eric Kendricks 481
44%
Passing Yards 10 Ethan Garbers 4,462
44%
Rushing Yards 4 Freeman McNeil 3,183
44%
Rushing Yards 3 Gaston Green 3,275
44%
Tackles 5 Kenny Easley 374
44%
Interceptions 1 Kenny Easley 19
44%
Passing Yards 7 Tom Ramsey 5,844
44%
Sacks T6 Anthony Barr 23.5
33%
Sacks 1 Dave Ball 30.5
33%
Rushing Yards 5 DeShaun Foster 3,049
33%
Tackles 6 Eric Turner 369
33%
Interceptions T4 Eric Turner 14
33%
Tackles 7 James Washington 347
33%
Interceptions 3 James Washington 15
33%
Receiving Yards 6 J.J. Stokes 2,293
33%
Receiving Yards 3 Jordan Payton 2,702
33%
Sacks T6 Laiatu Latu 23.5
33%
Interceptions T4 Marcus Turner 14
33%
Rushing Yards 2 Paul Perkins 3,491
33%
Rushing Yards 7 Wendell Tyler 2,950
33%
Receiving Yards 7 Brian Poli-Dixon 2,031
22%
Sacks 2 Bruce Davis 29.0
22%
Interceptions 2 Carlton Gray 16
22%
Sacks 4 Carnell Lake 25.5
22%
Rushing Yards 9 Chris Markey 2,733
22%
Passing Yards 6 Cory Paus 6,730
22%
Receiving Yards 1 Craig Bragg 2,845
22%
Receiving Yards 2 Danny Farmer 2,838
22%
Sacks 9 Donnie Edwards 22.5
22%
Tackles 3 Don Rogers 405
22%
Interceptions T4 Don Rogers 14
22%
Receiving Yards 8 Flipper Anderson 2,017
22%
Tackles 10 Frank Stephens 313
22%
Sacks T6 Jamir Miller 23.5
22%
Rushing Yards 1 Johnathan Franklin 4,403
22%
Rushing Yards 6 Karim Abdul-Jabbar 3,030
22%
Tackles 8 Ken Norton Jr. 339
22%
Receiving Yards 4 Kevin Jordan 2,495
22%
Tackles 9 Matt Darby 332
22%
Receiving Yards 5 Nelson Rosario 2,362
22%
Receiving Yards 10 Sean LaChapelle 1,958
22%
Rushing Yards 8 Skip Hicks 2,933
22%
Tackles 4 Spencer Havner 402
22%
Passing Yards 8 Tommy Maddox 5,187
22%
Receiving Yards 9 Darren Andrews 1,964
11%
Sacks 10 Jim Wahler 21.0
11%
Interceptions T4 Rahim Moore 14
11%
Sacks 5 Terry Turney 25.0
11%
No matching quizzes found
Score Distribution
Percent of People with Each Score
Percentile by Number Answered
Your Score History
You have not taken this quiz